I Ararats skugga : (Record no. 319910)
[ view plain ]
| 000 -LEADER | |
|---|---|
| fixed length control field | 01509nam a2200277 a 4500 |
| 001 - CONTROL NUMBER | |
| control field | 000949140 |
| 003 - CONTROL NUMBER IDENTIFIER | |
| control field | AM-YEHGA |
| 005 - DATE AND TIME OF LATEST TRANSACTION | |
| control field | 20250618074151.0 |
| 008 - FIXED-LENGTH DATA ELEMENTS--GENERAL INFORMATION | |
| fixed length control field | 130228s2012 ai a||||r|||||||||p|swe|d |
| 020 ## - INTERNATIONAL STANDARD BOOK NUMBER | |
| International Standard Book Number | 9789993054702 |
| 040 ## - CATALOGING SOURCE | |
| Original cataloging agency | AM-YeHGA |
| 041 1# - LANGUAGE CODE | |
| Language code of text/sound track or separate title | swe |
| Language code of original | arm |
| 090 ## - LOCALLY ASSIGNED LC-TYPE CALL NUMBER (OCLC); LOCAL CALL NUMBER (RLIN) | |
| -- | 321645 |
| 245 00 - TITLE STATEMENT | |
| Title | I Ararats skugga : |
| Remainder of title | 22 moderna armeniska poeter / |
| Statement of responsibility, etc. | Edt. : A. Bakhchinyan, G. Hakopian, S. Lundström ; foreward by L. Ananyan. |
| 246 15 - VARYING FORM OF TITLE | |
| Title proper/short title | Արարատի շուքի ներքո : |
| Remainder of title | 22 ժամանակակից հայ բանաստեղծներ |
| 260 ## - PUBLICATION, DISTRIBUTION, ETC. | |
| Place of publication, distribution, etc. | Jerevan : |
| Name of publisher, distributor, etc. | Apollon, |
| Date of publication, distribution, etc. | 2012. |
| 300 ## - PHYSICAL DESCRIPTION | |
| Extent | 95 p. : |
| Other physical details | portr. ; |
| Dimensions | 19 cm. |
| 504 ## - BIBLIOGRAPHY, ETC. NOTE | |
| Bibliography, etc. note | Cont.: 1.Paruyr Sevak.- 2.Hamo Sahyan.- 3.Gevorg Emin.- 4.Silva Kaputikyan.- 5.Juri Sahakyan.- 6.Henrik Edoyan.- 7.Razmik Davoyan.- 8.Davit Hovhannes.- 9.Hovhannes Grigorayan.- 10.Artem Harutyunyan.- 11.Vartan Hakobyan.- 12.Edvard Militonyan.- 13.Hrachya Tamrazyan.- 14.Violet Grigorian.- 15 Lilit.- 16.Leon-Zaven Surmelian.- 17.Zahrad.- 18.Charles Aznavour.- 19.Diana Der-Hovanessian.- 20.Ikna Sariaslan.- 21.Garo Hakopian.- 22.Harout Vartanian.- 23.Översä ttare |
| 650 14 - SUBJECT ADDED ENTRY--TOPICAL TERM | |
| Topical term or geographic name entry element | Հայ պոեզիա |
| Chronological subdivision | 20th century |
| Form subdivision | Translations into Swedish |
| 650 14 - SUBJECT ADDED ENTRY--TOPICAL TERM | |
| Topical term or geographic name entry element | Poets, Armenian |
| Chronological subdivision | 20th century |
| Form subdivision | Biography |
| 700 1# - ADDED ENTRY--PERSONAL NAME | |
| Personal name | Բախչինյան, Արծվի Հենրիկի, |
| Miscellaneous information | (Արծուի) |
| Dates associated with a name | 1971- |
| Relationship | edt |
| 700 1# - ADDED ENTRY--PERSONAL NAME | |
| Personal name | Hakopian, Garo |
| Relationship | edt |
| 700 1# - ADDED ENTRY--PERSONAL NAME | |
| Personal name | Lundström, Stig |
| Relationship | edt |
| 700 1# - ADDED ENTRY--PERSONAL NAME | |
| Personal name | Անանյան, Լևոն Զաքարի, |
| Dates associated with a name | 1946-2013 |
| Relationship | aui |
| 9 (RLIN) | 2144 |
| 942 ## - ADDED ENTRY ELEMENTS (KOHA) | |
| Source of classification or shelving scheme | Universal Decimal Classification |
| Koha item type | Գրքեր / Books |
| Withdrawn status | Lost status | Damaged status | Not for loan | Collection | Home library | Current library | Date acquired | Shelving control number | Total checkouts | Full call number | Barcode | Date last seen | Price effective from | Koha item type | Public note | Source of classification or shelving scheme |
|---|---|---|---|---|---|---|---|---|---|---|---|---|---|---|---|---|
| General | Fundamental Scientific Library | Fundamental Scientific Library | 09/01/2017 | И II/115078 | FL0272598 | 09/01/2017 | 09/01/2017 | Գրքեր / Books | 30 Days Loan | |||||||
| General | Fundamental Scientific Library | Fundamental Scientific Library | 10/12/2020 | И II/116779 | FL0630805 | 10/12/2020 | 10/12/2020 | Գրքեր / Books | 30 Days Loan | |||||||
| General | Fundamental Scientific Library | Fundamental Scientific Library | 10/12/2020 | И II/116780 | FL0630804 | 10/12/2020 | 10/12/2020 | Գրքեր / Books | 30 Days Loan | |||||||
| General | Fundamental Scientific Library | Fundamental Scientific Library | 10/12/2020 | И II/116781 | FL0630803 | 10/12/2020 | 10/12/2020 | Գրքեր / Books | 30 Days Loan | |||||||
| General | Fundamental Scientific Library | Fundamental Scientific Library | 21/10/2022 | И II/117406 | FL0677318 | 21/10/2022 | 21/10/2022 | Գրքեր / Books | 30 Days Loan | Universal Decimal Classification |
ՀՀ Գիտությունների ազգային ակադեմիայի հիմնարար գիտական գրադարան = Fundamental Scientific Library of NAS RA
All site content, except where otherwise noted, is licensed under a